| 000 | 00640nam a2200253Ia 4500 | ||
|---|---|---|---|
| 003 | OSt | ||
| 005 | 20220918223818.0 | ||
| 006 | a|||||r|||| 00| 0 | ||
| 007 | ta | ||
| 008 | 220917b |||||||| |||| 00| 0 eng d | ||
| 024 | _a225,260 | ||
| 037 | _cTextual | ||
| 040 |
_aARTS _cARTS _beng |
||
| 041 |
_2eng _aeng |
||
| 082 | _aN:(Y:1), P2 | ||
| 100 |
_aMirzoeff Nicholas Ed. _9146715 |
||
| 245 | 0 | _aVisual culture reader | |
| 250 | _a2nd | ||
| 260 |
_aLondon _bRoutledge _c2002 |
||
| 300 |
_axix, 737p _ccm. |
||
| 650 | _aARTS | ||
| 942 |
_hN:(Y:1), P2 _cTEXL _2CC |
||
| 999 |
_c279531 _d279531 |
||